Super Mario Odyssey - All Power Moons - Lake Kingdom - Statistics

General Stats
  • This quiz has been taken 9 times
  • The average score is 20 of 42
Answer Stats
Answer % Correct
Broodals Over the Lake
80%
Lake Kingdom Master Cup
80%
Lake Kingdom Regular Cup
80%
Peach in the Lake Kingdom
80%
Secret Path to Lake Lamode
80%
Shopping in Lake Lamode
80%
Space is "In" Right Now
80%
A Successful Repair Job
60%
Cheep Cheep Crossing
60%
Dorrie-Back Rider
60%
Found With Lake Kingdom Art
60%
Jump, Grab, Cling, and Climb
60%
Jump, Grab, Cling, and Climb Some More
60%
Lake Fishing
60%
Lake Kingdom Timer Challenge 1
60%
Lake Kingdom Timer Challenge 2
60%
Moon Shards in the Lake
60%
On the Lakeshore
60%
That "Old West" Style
60%
That Trendy "Pirate" Look
60%
What's in the Box?
60%
Behind the Floodgate
40%
End of the Hidden Passage
40%
From the Broken Pillar
40%
I Feel Underdressed
40%
I Met a Lake Cheep Cheep
40%
Lake Gardening: Spiky Passage Seed
40%
Let's Go Swimming, Captain Toad!
40%
Love by the Lake
40%
Super-Secret Zipper
40%
Taking Notes: Dive and Swim
40%
Unzip the Chasm
40%
Waves of Poison: Hop to It!
40%
Bird Traveling Over the Lake
20%
Deep, Deep Down
20%
Our Secret Little Room
20%
Taking Notes: In the Cliffside
20%
Taxi Flying Through Lake Lamode
20%
Treasure in the Spiky Waterway
20%
Waves of Poison: Hoppin' Over
20%
High-Flying Leap
0%
Rooftop of the Water Plaza
0%
No matching quizzes found
Score Distribution
Percent of People with Each Score
Percentile by Number Answered
Your Score History
You have not taken this quiz